EPL Top Scorers 2021/22 - Sudden Death - Statistics

General Stats
  • This quiz has been taken 14 times
  • The average score is 3 of 8
Answers on the Grid
Answers color-coded by a green-red scale on the quiz's grid according to % correct below.
Mohamed Salah
Son Heung-Min
Cristiano Ronaldo
Harry Kane
Sadio Mané
Kevin De Bruyne
Diogo Jota
Jamie Vardy
Wilfried Zaha
Raheem Sterling
Jarrod Bowen
James Maddison
Ivan Toney
Mason Mount
Bukayo Saka
Riyadh Mahrez
Teemu Pukki
Raphinha
Ollie Watkins
Michail Antonio
Bruno Fernandes
Emmanuel Dennis
James Ward-Prowse
Richarlison
Emile Smith Rowe
Phil Foden
Saïd Benrahma
Romelu Lukaku
Callum Wilson
Marcus Rashford
 
Answer Stats
Answer % Correct
17 Harry Kane
63%
18 Cristiano Ronaldo
50%
16 Sadio Mané
50%
23 Son Heung-Min
50%
23 Mohamed Salah
38%
15 Diogo Jota
13%
15 Jamie Vardy
13%
15 Kevin De Bruyne
13%
No matching quizzes found
Score Distribution
Percent of People with Each Score
Percentile by Number Answered
Your Score History
You have not taken this quiz